| 000 | 00600nam a22001817a 4500 | ||
|---|---|---|---|
| 999 |
_c185519 _d185519 |
||
| 005 | 20220203122347.0 | ||
| 010 | _aENG-131379 | ||
| 020 |
_a9789353432775 _c559.00 |
||
| 035 | _aEN-114911 | ||
| 037 | _bDBAD | ||
| 082 | _a514 | ||
| 100 | _aMunkres, James R. | ||
| 245 |
_aTopology: _cJames R. Munkres |
||
| 260 |
_aUttar Pradesh _bPearson India Education Services _c2022 |
||
| 270 |
_a15th Flooor, Tower-B, World Trade Tower, Plot No. 1, Block-C, Sector-16 _bNoida _e201301 _mcompanysecretary.india@pearson.com |
||
| 300 |
_a537p. _bIndex _c23cm(pbk) |
||
| 942 |
_2ddc _cEN _h514 _mMUN |
||